000
00328nam a22001457a 4500
020
_a
81-7176-254-9
082
_a
823
_b
PAN/T
100
_a
PANAMKAT, MATHEW
245
_a
THE TALKING MONKEY
260
_a
MUMBAI
_b
PAULINE
300
_a
40
520
_a
ENGLISH SHORT STORY
650
_a
ENGLISH SHORT STORY
_z
MUMBAI
942
_c
BK
999
_c
5976
_d
5976